|
|
|
|
| LEADER |
01532cam a2200421 i 4500 |
| 001 |
nkc20253718809 |
| 003 |
CZ PrNK |
| 005 |
20260213133756.0 |
| 007 |
ta |
| 008 |
251119s2025 xr e f 000 0 cze d |
| 015 |
|
|
|a cnb003718809
|
| 020 |
|
|
|a 978-80-246-6090-5
|q (brožováno)
|
| 035 |
|
|
|a (OCoLC)1572322921
|
| 040 |
|
|
|a KLG001
|b cze
|d ABA001
|e rda
|
| 072 |
|
7 |
|a 930
|x Historická věda. Pomocné vědy historické. Archivnictví
|2 Konspekt
|9 8
|
| 080 |
|
|
|a 930.24
|2 MRF
|
| 080 |
|
|
|a (035)
|2 MRF
|
| 100 |
1 |
|
|a Bláhová, Marie,
|d 1944-
|7 jk01012232
|4 aut
|
| 245 |
1 |
0 |
|a Historická chronologie /
|c Marie Bláhová
|
| 250 |
|
|
|a Druhé, přepracované vydání (v Karolinu první)
|
| 264 |
|
1 |
|a Praha :
|b Univerzita Karlova, nakladatelství Karolinum,
|c 2025
|
| 300 |
|
|
|a 825 stran ;
|c 24 cm
|
| 336 |
|
|
|a text
|b txt
|2 rdacontent
|
| 337 |
|
|
|a bez média
|b n
|2 rdamedia
|
| 338 |
|
|
|a svazek
|b nc
|2 rdacarrier
|
| 504 |
|
|
|a Obsahuje bibliografie a bibliografické odkazy
|
| 650 |
0 |
7 |
|a historická chronologie
|7 ph136758
|2 czenas
|
| 650 |
0 |
9 |
|a historical chronology
|2 eczenas
|
| 655 |
|
7 |
|a příručky
|7 fd133209
|2 czenas
|
| 655 |
|
9 |
|a handbooks and manuals
|2 eczenas
|
| 910 |
2 |
|
|a BOA001
|b 2-1555.300
|
| 920 |
|
|
|a 1687051
|z KLG001
|
| 928 |
9 |
|
|a Karolinum
|
| 990 |
|
|
|a BK
|
| 995 |
|
|
|a 01
|
| 991 |
|
|
|b 202601
|c NOV
|
| 996 |
6 |
|
|b 2611022183
|c 2-1555.300
|l MZK
|r Sklad / do 1 hodiny
|n 0
|p p.v.
|w 002028803
|u 000010
|a 1
|e BOA001
|j MZK50
|s P
|
| 996 |
6 |
|
|b 2611025309
|c 2-1555.300
|l MZK
|r HSS 5p
|n 0
|p kup
|h 930 BLÁ
|w 002028803
|u 000020
|a 0
|e BOA001
|j MZK50
|s P
|